Cultura, política y sociedad: perspectivas latinoamericanas /

El artículo da algunas definiciones operativas, aunque sean provisionales e inseguras, para seguir investigando y hacer políticas culturales. Este este sentido, el autor presenta algunos conceptos que parecen estratégicos para trabajr actualmente en asuntos culturales, tales como: asombro, barbarie,...

وصف كامل

محفوظ في:
التفاصيل البيبلوغرافية
المؤلف الرئيسي: Mato, Daniel
مؤلفون آخرون: comp
التنسيق: نص
منشور في: Buenos Aires: CLACSO
الموضوعات:
الوسوم: إضافة وسم
لا توجد وسوم, كن أول من يضع وسما على هذه التسجيلة!

MARC

LEADER 00000 a a2200000 04500
001 32481
003
040
020 |a 987-1183-27-5  
090 |a 202503  
100 |a Mato, Daniel  
245 |a Cultura, política y sociedad: perspectivas latinoamericanas /  |c Daniel Mato  
260 |a Buenos Aires:   |b CLACSO  
300 |a 504 p.  
520 |a El artículo da algunas definiciones operativas, aunque sean provisionales e inseguras, para seguir investigando y hacer políticas culturales. Este este sentido, el autor presenta algunos conceptos que parecen estratégicos para trabajr actualmente en asuntos culturales, tales como: asombro, barbarie, campos modernos, cultura, entre otros  
650 |a CULTURA  
650 |a INVESTIGACION  
650 |a TERMINOLOGIA  
650 |a ANTROPOLOGIA  
700 |a comp.  
999 |c 3056  |d 3056